000 01012njm a22002657a 4500
005 20100907115243.0
007 sd ammalaaahaa
008 100907t xxu||||| |||| 00| 0 eng d
028 _aN. 80221
_bHis Master's Voice
035 _aGR-01157
040 _aSED/VEN
100 _aNiyamat Ali
_918700
245 _aSavere chali augi-Lok geet part-1 /
_cby Niamat Ali ; music and lyrics by Niamat Ali
246 _aसवेरे चली ओगी (लोक गीत)
260 _aDam Dam, India
_bHis Mater's Voice
300 _a1 Sound Disc [Gramophone Record] :
_banalog.33 1/33 rpm
_c10 in (LP)
_fGramophone Record
500 _aBrief Record
505 _aTik tik re barse (टिक टिक रे बर्धे) पार्ट-2
650 _aClassical Music
_xExcerpts
_zIndia
_918707
700 _918701
_aNiyamt Ali
700 _aKokate, Sahebrao
_918729
700 _918702
942 _2ddc
_cGR
999 _c44232
_d44232